The Norms of Nature. Studies in Hellenistic Ethics.

Gorde:
Xehetasun bibliografikoak
Beste egile batzuk: Schofield, Malcolm (Argitaratzailea), Striker, Gisela (Argitaratzailea)
Formatua: Ezezaguna
Argitaratua: Cambridge, United Kingdom: Cambridge University Press, 2007.
Gaiak:
Etiketak: Etiketa erantsi
Etiketarik gabe, Izan zaitez lehena erregistro honi etiketa jartzen!

MARC

LEADER 00000 a2200000 4500
003 CL-VaPUC
005 20230913172755.0
008 230906t2007 ||||| |||| 00| 0 eng d
999 |c 441752  |d 441750 
020 |a 978-0-521-03988-8 
040 |c Pontificia Universidad Católica de Valparaíso 
082 7 |a 170.938 SCH 2007  |2 22 
100 |a Schofield, Malcolm  |9 316498  |e editor 
245 |a The Norms of Nature.  |b Studies in Hellenistic Ethics. 
260 |a Cambridge, United Kingdom:   |b Cambridge University Press,  |c 2007. 
300 |a 287 páginas. 
583 |k GC  |c 20230906 
650 0 |a Etica griega  |9 308971 
700 |a Striker, Gisela  |e editor  |9 884502 
942 |2 ddc  |c BK 
952 |0 0  |1 0  |2 ddc  |4 0  |6 170_938000000000000_SCH_2007  |7 0  |8 A  |9 591456  |a BIBEDU  |b BIBEDU  |d 2023-09-06  |e 1  |g 51447.00  |i 5658581  |l 1  |o 170.938 SCH 2007  |p 5658581  |r 2023-10-31  |s 2023-09-26  |t 1  |v 51447.00  |w 2023-09-06  |y BK  |k FIL